| 000 | 00626nam a2200217 4500 | ||
|---|---|---|---|
| 001 | 133403 | ||
| 003 | ES-MaACL | ||
| 005 | 20251207151551.0 | ||
| 007 | t| | ||
| 008 | 070214s1979 sp r ||||1| spa d | ||
| 100 | 1 |
_aRufino, Alain. _9100549 |
|
| 245 | 1 | 3 |
_aLa expansión intelectual de vuestro hijo / _cAlain Rufino ; [traducción por Josefina Guerrero]. |
| 250 | _a1ª ed. | ||
| 260 |
_aBarcelona : _bPlaneta, _c1979. |
||
| 300 |
_a160 p. ; _c19 cm. |
||
| 490 | 1 | _aPaideia | |
| 700 | 1 |
_aGuerrero, Josefina. _960555 |
|
| 830 | 0 |
_aPaideia _9179731 |
|
| 852 |
_aES-MaACL _jA-10064 _bR.99082 |
||
| 999 |
_c133403 _d133403 |
||